1372 1156 1851 1154 1696 1909 1439 1357 1182 1270 1574 1400 1434 1050 1391 1247 1457 1760 1492 1791 1631 1656 1028 1185 1484 1702 1523 1318 1589 1740 1922 1744 1390 1686 1417 1071 1177 1117 1741 1416 1758 1283 1219 1237 1970 1788 1964 1269 1034 1235 1432 1499 1034 1815 1920 2000 1348 1958 1883 1375 1171 1743 1694 1488 1967 1179 1030 1007 1295 1840 1052 1892 1122 1969 1044 1858 1506 1351 1611 1928 1563 1976 1785 1658 1805 1294 1337 1258 1035 1465 1570 1297 1922 1276 1488 1110 1311 1644 1069 BCNSPRNW ULIB Ver.6.0+V

เปลี่ยนเป็นภาษาไทย

Change to English
 แสดงรายละเอียดบรรณานุกรม
  กลับหน้าหลัก

Brief Record : Get Marc (ISO 2709) : E-mail record : QR code < ปิดหน้าต่าง
LEADER : 00000nam 2200000uu 4500
001    13399124770
003     ULIB
008    020711s2014 th a 000 0 eng d
020    9781451176483
060    WY49^bS213L
100    Sandra M. Nettina
245    Lippincott manual of nursing practice./^cSandra M. Nettina
250    10thth ed
260    Philadelphia :^bWolters Kluwer Health/Lippincott Williams & Wilkins,^c2014
300    1912 pages;^b26 cm
650    nursing practice
945    ^p0^l0^i23281
รายการนี้ยังไม่มีแท็ก
คุณยังไม่ได้ล็อกอิน คุณสามารถมีกิจกรรมร่วมกับเว็บไซต์ได้ แต่ต้องล็อกอินก่อน ::
  ล็อกอิน

รายการสื่อสารสนเทศ

ลำดับที่ ประเภท เลขเรียก/บาร์โค้ด สถานที่ สถานะ
1. Book การพยาบาล
Book การพยาบาล
WY49 S213L ฉ.1 
  Barcode: 23281
ห้องสมุดวิทยาเขตนครสวรรค์
►หนังสือทั่วไป:l:General Books
บนชั้น

รายการใกล้เคียง
    ผู้แต่ง [Sandra M. Nettina]

    หัวเรื่อง [nursing practice]

BibComment


ยังไม่เคยถูกคอมเมนท์

คอมเมนท์ทรัพยากรรายการนี้
  คอมเมนท์: Lippincott manual..


 Copyright 2026. Bcnsprnw @Library